La Homogenización de la cultura de lo femenino y de la imagen de la mujer a través de la oferta televisiva estadounidense de los últimos cincuenta años. /

En este trabajo se analiza la imagen femenina en las series televisivas estadounidenses. En el trabajo se ubican programas representativos de cada década, según la preferencia de las audiencias. La autora indaga sobre qué patrones se han creado y cuál es la imagen de la mujer que en ellos se difunde...

Descrizione completa

Salvato in:
Dettagli Bibliografici
Autore principale: Guzmán Velasco, Nataly
Natura: testo
Soggetti:
Tags: Aggiungi Tag
Nessun Tag, puoi essere il primo ad aggiungerne!!

MARC

LEADER 00000 a a2200000 04500
001 13285
003
040
100 |a Guzmán Velasco, Nataly  
245 |a La Homogenización de la cultura de lo femenino y de la imagen de la mujer a través de la oferta televisiva estadounidense de los últimos cincuenta años. /  |c Nataly Guzmán Velasco 
520 |a En este trabajo se analiza la imagen femenina en las series televisivas estadounidenses. En el trabajo se ubican programas representativos de cada década, según la preferencia de las audiencias. La autora indaga sobre qué patrones se han creado y cuál es la imagen de la mujer que en ellos se difunde  
650 |a ROL DE LA MUJER  
650 |a TELEVISION  
650 |a ANALISIS DE GENERO  
650 |a ESTADOS UNIDOS  
773 |g número 114; páginas 621-641  
999 |c 39141  |d 39141